000 00726nam a22002417a 4500
003 UA-OsUOA
001 35212
007 ta
008 20051111b un ||||| |||| 00| 0 ukr d
100 _aКротевич Є.В.
700 _aРодзевич Н.С.
090 _a81(038)
_bК83
942 _cBK
040 _aUA-OsUOA
_bukr
_cUA-OsUOA
_dUA-OsUOA
245 _aСловник лінгвістичних термінів
300 _a235 с.
955 _a2
041 _aukr
080 _a81(038)
260 _aК.
_bВидавництво Академії наук
_c1957
650 7 _a8 Мовознавство. Художня література. Літературознавство
_2UDC
999 _c321581
_d321581